Catálogo público

Guía práctica de productos fitosanitarios 2019 / (Record no. 217497)

MARC details
000 -CABECERA
campo de control de longitud fija 00732 a2200205 4500
003 - IDENTIFICADOR DEL NÚMERO DE CONTROL
campo de control OSt
005 - FECHA Y HORA DE LA ÚLTIMA TRANSACCIÓN
campo de control 20230412132618.0
008 - DATOS DE LONGITUD FIJA--INFORMACIÓN GENERAL
campo de control de longitud fija 220811b2018 spa |||f |||| 001 0 spa d
020 ## - NÚMERO INTERNACIONAL ESTÁNDAR DEL LIBRO
Número Internacional Estándar del Libro 9788484767558
040 ## - FUENTE DE LA CATALOGACIÓN
Centro/agencia transcriptor CHAP
082 00 - NÚMERO DE LA CLASIFICACIÓN DECIMAL DEWEY
Número de clasificación 632.90294
Número de documento/Ítem Y12 2019
Número de edición 22
100 0# - ENTRADA PRINCIPAL--NOMBRE DE PERSONA
9 (RLIN) 122943
Nombre de persona Yagüe González, Juan I.
245 #0 - MENCIÓN DE TÍTULO
Título Guía práctica de productos fitosanitarios 2019 /
Mención de responsabilidad, etc. por Juan I. Yagüe González
246 30 - FORMA VARIANTE DE TÍTULO
Texto de visualización Título en pasta :
Título propio/Titulo breve Guíafitos 2019 :
Resto del título guía práctica de productos fitosanitarios.
264 ## - PRODUCCIÓN, PUBLICACIÓN, DISTRIBUCIÓN, FABRICACIÓN Y COPYRIGHT
Producción, publicación, distribución, fabricación y copyright España:
Nombre del de productor, editor, distribuidor, fabricante Mundi-Prensa,
Fecha de producción, publicación, distribución, fabricación o copyright 2018
300 ## - DESCRIPCIÓN FÍSICA
Extensión 359 páginas
Otras características físicas ilustraciones, cuadros, tablas
650 #2 - PUNTO DE ACCESO ADICIONAL DE MATERIA--TÉRMINO DE MATERIA
9 (RLIN) 163848
Término de materia o nombre geográfico como elemento de entrada Productos fitosanitarios
Subdivisión de forma Manual
650 #2 - PUNTO DE ACCESO ADICIONAL DE MATERIA--TÉRMINO DE MATERIA
9 (RLIN) 40646
Término de materia o nombre geográfico como elemento de entrada Fertilizantes y abonos
942 ## - ELEMENTOS DE PUNTO DE ACCESO ADICIONAL (KOHA)
Fuente del sistema de clasificación o colocación Dewey Decimal Classification
Tipo de ítem Koha Libro
Holdings
Estado de retiro Estado de pérdida Fuente del sistema de clasificación o colocación Estado dañado Restricciones de uso No para préstamo Código de colección Localización permanente Ubicación/localización actual Ubicación en estantería Fecha de adquisición Total de préstamos Signatura topográfica completa Código de barras Fecha visto por última vez Precio válido a partir de Tipo de ítem Koha Número de copia
    Dewey Decimal Classification   Préstamo interno   Consulta Biblioteca Central Biblioteca Central Planta alta - Coleción Consulta 12/04/2023   632.90294 Y12 2019 33724002567397 12/04/2023 12/04/2023 Libro  
    Dewey Decimal Classification   Préstamo interno   Consulta Biblioteca Central Biblioteca Central Planta alta - Coleción Consulta 12/04/2023   632.90294 Y12 2019 33724002567405 12/04/2023 12/04/2023 Libro c.2